Normal view
MARC view
- ROBERTON, SIR GEORGE SCOTT
Entry Personal Name
001 - CONTROL NUMBER
- control field: 79151
003 - CONTROL NUMBER IDENTIFIER
- control field: NUST
005 - DATE AND TIME OF LATEST TRANSACTION
- control field: 20210628210400.0
008 - FIXED-LENGTH DATA ELEMENTS
- fixed length control field: 210628|| aca||aabn | a|a d
040 ## - CATALOGING SOURCE
- Original cataloging agency: NUST
- Transcribing agency: NUST
100 ## - HEADING--PERSONAL NAME
- Personal name: ROBERTON, SIR GEORGE SCOTT
670 ## - SOURCE DATA FOUND
- Source citation: Work cat.: (NUST): ROBERTON, SIR GEORGE SCOTT, THE KAFIRS OF THE HINDU KUSH, 1974
